000 00535nam a2200169Ia 4500
008 090201s9999 xx 000 0 und d
010 _aKPL-20238
040 _bमराठी
041 _aमराठी
082 _a23445
_b20238
100 _aमंगेश पद्की
245 _aजिवलग मजकैंचे
_cमंगेश पद्की
260 _c2004
_bमेनका प्रकाशन
300 _a164
_bमोठा
600 _aजिवलग मजकैंचे
942 _cBOOK
999 _c222921
_d222921